Специфика событийного туризма; Актуальные проблемы гуманитарных наук

Bibliographische Detailangaben
Parent link:Актуальные проблемы гуманитарных наук.— 2008.— С. 91-93
1. Verfasser: Коваленко О. С.
Weitere Verfasser: Подорванова А. С.
Sprache:Russisch
Veröffentlicht: 2008
Schriftenreihe:Социально-культурный сервис и туризм
Schlagworte:
Format: Buchkapitel
KOHA link:https://koha.lib.tpu.ru/cgi-bin/koha/opac-detail.pl?biblionumber=228730

MARC

LEADER 00000naa2a2200000 4500
001 228730
005 20231031201646.0
035 |a (RuTPU)RU\TPU\book\249215 
035 |a RU\TPU\book\201428 
090 |a 228730 
100 |a 20121221d2008 k y0rusy50 ca 
101 0 |a rus 
102 |a RU 
200 1 |a Специфика событийного туризма  |f О. С. Коваленко, А. С. Подорванова 
225 1 |a Социально-культурный сервис и туризм 
320 |a Библиогр.: 5 назв. 
463 0 |0 (RuTPU)RU\TPU\book\194420  |t Актуальные проблемы гуманитарных наук  |o сборник научных трудов, апрель 2008 г., Томск  |f Томский политехнический университет (ТПУ)  |v С. 91-93  |d 2008  |p 562 с. 
610 1 |a событийный туризм 
610 1 |a карнавалы 
610 1 |a кинофестивали 
610 1 |a праздники 
610 1 |a соревнования 
610 1 |a ярмарки 
610 1 |a труды учёных ТПУ 
700 1 |a Коваленко  |b О. С. 
701 1 |a Подорванова  |b А. С. 
801 1 |a RU  |b 63413507  |c 20101013 
801 2 |a RU  |b 63413507  |c 20121221  |g RCR 
942 |c BK